Najbardziej słoneczne państwa - Statystyki

Ogólne statystyki
  • Ten quiz został rozwiązany 3 141 razy
  • Średni wynik to 14 z 20
Statystyki odpowiedzi
% Kontynent Państwo % Poprawnych
14,5 Afryka Egipt
94%
22,6 Azja Arabia Saudyjska
82%
21,4 Afryka Sudan
82%
21,0 Afryka Algieria
80%
28,1 Oceania Australia
80%
25,1 Afryka Niger
79%
26,1 Azja Oman
78%
25,5 Afryka Republika Południowej Afryki
78%
17,7 Afryka Libia
76%
24,4 Azja Irak
75%
22,3 Azja Zjednoczone Emiraty Arabskie
75%
20,6 Afryka Czad
74%
23,0 Azja Katar
74%
28,7 Azja Izrael
69%
24,4 Azja Bahrajn
61%
21,1 Azja Jordania
61%
27,5 Afryka Mauretania
61%
24,0 Afryka Namibia
54%
23,9 Afryka Botswana
48%
28,5 Afryka Dżibuti
41%
Nie znaleziono quizów pasujących do podanych kryteriów
Rozkład punktacji
Procent ludzi z każdym wynikiem
Percentyl według liczby udzielonych odpowiedzi
Twoja historia wyników
Nie rozwiązałeś tego quizu